| 000 | 00516nam a2200181Ia 4500 | ||
|---|---|---|---|
| 001 | 9399 | ||
| 005 | 20260306161715.0 | ||
| 008 | 260306t2009||||xx |||||||||||||| ||spa|| | ||
| 041 | _aESP | ||
| 082 |
_a378.362 _bC88 |
||
| 100 |
_aAsociación Panamericana de Instituciones de Crédito Educativo (APICE) _eAUT |
||
| 245 | 0 |
_aCrédito educativo: _bexperiencias internacionales y desafíos futuros en América Latina |
|
| 260 | _c2009 | ||
| 300 |
_a _c |
||
| 650 | _aGEN | ||
| 654 | _aCED | ||
| 942 |
_cLIB _dJUS _fJUS _2ddc _n |
||
| 999 |
_c9399 _d9399 |
||